The Constitution of the Islamic Republic of Pakistan, 1973 / (Record no. 540975)
[ view plain ]
| 000 -LEADER | |
|---|---|
| fixed length control field | 00380nam a22001217a 4500 |
| 082 ## - DEWEY DECIMAL CLASSIFICATION NUMBER | |
| Classification number | 342.547 |
| 100 ## - MAIN ENTRY--PERSONAL NAME | |
| Personal name | Malik, Nafeer A. |
| 245 ## - TITLE STATEMENT | |
| Title | The Constitution of the Islamic Republic of Pakistan, 1973 / |
| Statement of responsibility, etc. | Nafeer A. Malik |
| 260 ## - PUBLICATION, DISTRIBUTION, ETC. | |
| Place of publication, distribution, etc. | Lahore : |
| Name of publisher, distributor, etc. | Irfan Law Book House, |
| Date of publication, distribution, etc. | 2020. |
| 300 ## - PHYSICAL DESCRIPTION | |
| Extent | 199 p. ; |
| Dimensions | 24cm. |
| 942 ## - ADDED ENTRY ELEMENTS (KOHA) | |
| Source of classification or shelving scheme | |
| Koha item type | Book |
| Withdrawn status | Lost status | Source of classification or shelving scheme | Damaged status | Not for loan | Permanent Location | Current Location | Shelving location | Date acquired | Source of acquisition | Total Checkouts | Total Renewals | Full call number | Barcode | Date last seen | Date last checked out | Price effective from | Koha item type |
|---|---|---|---|---|---|---|---|---|---|---|---|---|---|---|---|---|---|
| NUST Law School (NLS) | NUST Law School (NLS) | Law | 11/13/2020 | Golden Books | 1 | 2 | 342.547 MAL | CL-460 | 02/23/2025 | 11/28/2023 | 11/13/2020 | Book | |||||
| NUST Law School (NLS) | NUST Law School (NLS) | 05/16/2025 | 342.5491 MAL | NLSD-76 | 05/16/2025 | 05/16/2025 | Book |
